| 000 | 00623nam a2200193 i 4500 | ||
|---|---|---|---|
| 001 | 92845 | ||
| 003 | ES-MaACL | ||
| 005 | 20231227200605.0 | ||
| 007 | t| | ||
| 008 | 050329s1944 sp ||||1| spa d | ||
| 100 | 1 |
_aLissarrague, Salvador, _d1910-1967 _972548 |
|
| 245 | 1 | 3 |
_aEl poder político y la sociedad / _cSalvador Lissarrague Novoa. |
| 260 |
_aMadrid : _bInstituto de Estudios Políticos, _c1944. |
||
| 300 |
_a313 p. ; _c23 cm. |
||
| 710 | 2 |
_aInstituto de Estudios Políticos (Madrid) _94924 |
|
| 852 |
_aES-MaACL _jA-881 _bR.23286 |
||
| 852 |
_aES-MaACL _jF-16243 _bR.21317 |
||
| 999 |
_c92845 _d92845 |
||